| 000 | 00779nam a2200205 a 4500 | ||
|---|---|---|---|
| 001 | 000005428 | ||
| 005 | 20200929151657.0 | ||
| 008 | 090819s1991 sp a r 001 0 spa d | ||
| 020 | _a8400072340 | ||
| 040 |
_aDO-SdBNP _bspa _cBNPHU |
||
| 082 |
_axxx _bD637s |
||
| 245 | 0 | 0 |
_aDocumentos sobre política lingüistica en hispanoamaerica (1492-1800) : / _ccompilación, estudios preliminar y edición de Francisco Solano. |
| 260 |
_aMadrid : _bConsejo Superior de Investigaciones Científicas, _c1991. |
||
| 300 |
_a294 p. : _bil. ; _c25 cm. |
||
| 490 | 1 |
_aTierra nueva e cielo nuevo _v32 |
|
| 500 | _aV centenario del descubrimiento de América | ||
| 500 | _aIncluye índice análitico | ||
| 700 | 1 |
_aSolano, Francisco, _eed. _98819 |
|
| 830 | 0 |
_aTierra nueva e cielo nuevo _n32 _915415 |
|
| 999 |
_c5228 _d5228 |
||